| 000 | 01218cam a2200289 a 4500 | ||
|---|---|---|---|
| 001 | 4488091 | ||
| 003 | PILC | ||
| 005 | 20150826112158.0 | ||
| 008 | 970402s1998 nyu b 001 0 eng | ||
| 010 | _a 97008663 | ||
| 020 | _a0786311274 (alk. paper) | ||
| 040 |
_aDLC _cDLC _dDLC |
||
| 050 | 0 | 0 |
_aHD 2746.5 _b.L35 1998 |
| 082 | 0 | 0 | _a658.1/6 |
| 100 | 1 | _aLajoux, Alexandra Reed. | |
| 245 | 1 | 4 |
_aThe art of M & A integration : _ba guide to merging resources, processes, and responsibilities / _cAlexandra Reed Lajoux. |
| 246 | 3 | _aArt of M and A integration | |
| 260 |
_aNew York : _bMcGraw-Hill, _c1998. |
||
| 300 |
_axxi, 439 pages ; _c24 cm. |
||
| 500 | _aIncludes bibliographical references and index. | ||
| 650 | 0 | _aConsolidation and merger of corporations. | |
| 856 | 4 | 2 |
_3Publisher description _uhttp://www.loc.gov/catdir/description/mh022/97008663.html |
| 856 | 4 | 2 |
_3Contributor biographical information _uhttp://www.loc.gov/catdir/enhancements/fy0602/97008663-b.html |
| 906 |
_a7 _bcbc _corignew _d1 _eocip _f19 _gy-gencatlg |
||
| 942 |
_2lcc _cBK |
||
| 999 |
_c288504 _d288504 |
||